[Event "25th Czech Open A 2014"]
[Site "Pardubice CZE"]
[Date "2014.07.23"]
[Round "6.15"]
[White "Saric, Ante"]
[Black "Rojicek, Vojtech"]
[Result "1/2-1/2"]
[WhiteTitle "GM"]
[BlackTitle "IM"]
[WhiteElo "2536"]
[BlackElo "2433"]
[WhiteFideId "14506254"]
[BlackFideId "319902"]
[EventDate "2014.07.18"]

1. d4 Nf6 2. c4 e6 3. Nf3 d5 4. g3 dxc4 5. Qa4+ c6 6. Qxc4 b5 7. Qc2 Bb7 8. Bg2
Nbd7 9. Ne5 Nxe5 10. dxe5 Nd5 11. O-O Rc8 12. Nc3 Be7 13. Rd1 Qc7 14. Nxd5 cxd5
15. Qxc7 Rxc7 16. Be3 a6 17. Bb6 Rc6 18. Ba5 Rc2 19. Rd2 Rxd2 20. Bxd2 Kd7 21.
Rc1 Rc8 22. Rxc8 Kxc8 23. Bc3 b4 24. Bd4 a5 25. f4 Kc7 26. Kf2 a4 27. b3 a3 28.
e3 Ba6 29. Bf1 Bxf1 30. Kxf1 h5 31. Ke2 Kc6 32. Kf3 g6 33. g4 hxg4+ 34. Kxg4 Kc7
35. h4 Kc6 36. h5 gxh5+ 37. Kxh5 Kc7 38. Kg4 Kc6 39. f5 Kc7 40. Kf4 Kc6 41. Kg4
Kc7 42. Kf3 Kd7 43. f6 Bf8 44. Ke2 Kc6 45. Kd3 Bc5 46. Ba1 Kc7 47. Ke2 Kc6 48.
Kf3 Kc7 49. Kf4 Kd7 50. Bd4 Bxd4 51. exd4 1/2-1/2

[Event "25th Czech Open A 2014"]
[Site "Pardubice CZE"]
[Date "2014.07.23"]
[Round "6.16"]
[White "Krejci, Jan2"]
[Black "D'Costa, Lorin A R"]
[Result "1-0"]
[WhiteTitle "GM"]
[BlackTitle "IM"]
[WhiteElo "2528"]
[BlackElo "2421"]
[WhiteFideId "322156"]
[BlackFideId "409219"]
[EventDate "2014.07.18"]

1. e4 c6 2. d4 d5 3. Nc3 dxe4 4. Nxe4 Bf5 5. Nc5 b6 6. Nb3 e6 7. Nf3 Bd6 8. g3
Ne7 9. Bg2 h6 10. O-O O-O 11. Nbd2 Nd7 12. Nc4 Bc7 13. Qe2 Rc8 14. b3 Nf6 15.
Bb2 Bb8 16. Rfd1 Qc7 17. Nfe5 Ned5 18. Rac1 Rfd8 19. Na3 a5 20. h4 Qe7 21. Nac4
Bh7 22. a4 Qa7 23. Ne3 Nxe3 24. Qxe3 Nd5 25. Qe2 Qe7 26. c4 Nb4 27. Ba3 Bxe5 28.
Qxe5 Rd7 29. Qe2 Rcd8 30. Bb2 c5 31. dxc5 bxc5 32. Bc3 Rxd1+ 33. Rxd1 Rxd1+ 34.
Qxd1 Bc2 35. Qf3 Qd8 36. Kh2 Bd1 37. Qe3 Qd6 38. Bxb4 cxb4 39. c5 Qc7 40. c6 Kf8
41. Qd3 Bg4 42. Qb5 Ke8 43. Be4 e5 44. Qb7 Kd8 45. Qa8+ Ke7 46. Qg8 Kf6 47. Bd5
Bf5 48. Qf8 Qe7 49. Qb8 Qc5 50. Qd8+ Kg6 51. Kg2 Qd4 52. c7 h5 1-0

[Event "25th Czech Open A 2014"]
[Site "Pardubice CZE"]
[Date "2014.07.23"]
[Round "6.17"]
[White "Kohlweyer, Bernd"]
[Black "Cvek, Robert"]
[Result "1/2-1/2"]
[WhiteTitle "IM"]
[BlackTitle "GM"]
[WhiteElo "2422"]
[BlackElo "2516"]
[WhiteFideId "4600622"]
[BlackFideId "307424"]
[EventDate "2014.07.18"]

1. d4 Nf6 2. c4 g6 3. Nc3 Bg7 4. e4 O-O 5. Be2 d6 6. Be3 Na6 7. g4 c5 8. d5 Nc7
9. a4 e6 10. g5 Nd7 11. h4 exd5 12. cxd5 Re8 13. Nf3 Bxc3+ 14. bxc3 Rxe4 15. c4
Ne8 16. Bd3 Re7 17. h5 Ne5 18. Nxe5 Rxe5 19. Kf1 Ng7 20. h6 Nf5 21. Bf4 Re8 22.
Bxf5 Bxf5 23. Qd2 f6 24. f3 fxg5 25. Bxg5 Qd7 26. Kg2 Rf8 27. Kg3 Qf7 1/2-1/2

[Event "25th Czech Open A 2014"]
[Site "Pardubice CZE"]
[Date "2014.07.23"]
[Round "6.18"]
[White "Chernyshov, Konstantin"]
[Black "Sundararajan, Kidambi"]
[Result "1-0"]
[WhiteTitle "GM"]
[BlackTitle "GM"]
[WhiteElo "2508"]
[BlackElo "2414"]
[WhiteFideId "4117328"]
[BlackFideId "5005370"]
[EventDate "2014.07.18"]

1. d4 d5 2. Nf3 Nf6 3. g3 c6 4. Bg2 Bf5 5. O-O e6 6. b3 Nbd7 7. c4 h6 8. Bb2 Be7
9. Nc3 O-O 10. Nd2 Qb6 11. Qc1 Rac8 12. e4 dxe4 13. Ndxe4 Rfd8 14. Nd2 Qa6 15.
a4 Qa5 16. Re1 Bb4 17. c5 Bd3 18. Re3 Ba6 19. Nde4 b6 20. Rf3 bxc5 21. dxc5 Nxe4
22. Nxe4 Bxc5 23. Qf4 f5 24. g4 Bf8 25. gxf5 exf5 26. Bh3 Re8 27. Bxf5 Ne5 28.
Rg3 Kh8 29. Nf6 gxf6 30. Bxc8 Bg7 31. Bxa6 Qxa6 32. Bxe5 Rxe5 33. Rd1 1-0

[Event "25th Czech Open A 2014"]
[Site "Pardubice CZE"]
[Date "2014.07.23"]
[Round "6.19"]
[White "Kislinsky, Alexey"]
[Black "Yagupov, Igor"]
[Result "0-1"]
[WhiteTitle "GM"]
[BlackTitle "GM"]
[WhiteElo "2491"]
[BlackElo "2410"]
[WhiteFideId "14108801"]
[BlackFideId "4113632"]
[EventDate "2014.07.18"]

1. e4 c5 2. Nf3 Nc6 3. Bb5 Nf6 4. Nc3 Qc7 5. O-O Nd4 6. Re1 a6 7. Bf1 e5 8. Bc4
d6 9. d3 Bg4 10. a4 Be7 11. Be3 O-O 12. Kh1 Rab8 13. a5 Kh8 14. Bd2 Qd7 15. Be3
Nxf3 16. gxf3 Bh5 17. Rg1 Ne8 18. Nd5 Bh4 19. Rg4 Qd8 20. Nb6 Nc7 21. Nd5 Ne8
22. Rg3 Bxg3 23. fxg3 Bg6 24. f4 f5 25. fxe5 dxe5 26. Bxc5 Nd6 27. Bb6 Qd7 28.
Bb3 fxe4 29. dxe4 Qh3 30. Nc3 Nxe4 31. Kg1 Nxg3 32. Bc4 Ne4 33. Qe2 Nxc3 34.
bxc3 Qxc3 35. Re1 Rf4 36. Bd5 Rbf8 37. Bxb7 Bh5 38. Qe3 Rg4+ 39. Kh1 Qc4 40. Qd3
Qf4 41. Qh3 Qf5 42. Qd3 e4 0-1

[Event "25th Czech Open A 2014"]
[Site "Pardubice CZE"]
[Date "2014.07.23"]
[Round "6.21"]
[White "Wagner, Dennis"]
[Black "Farid, Firman Syah"]
[Result "1-0"]
[WhiteTitle "IM"]
[BlackTitle "IM"]
[WhiteElo "2485"]
[BlackElo "2401"]
[WhiteFideId "24650684"]
[BlackFideId "7102526"]
[EventDate "2014.07.18"]

1. d4 d5 2. c4 c6 3. Nf3 Nf6 4. e3 g6 5. Nc3 Bg7 6. Be2 O-O 7. O-O a6 8. Qb3 e6
9. Qc2 b5 10. b3 Nbd7 11. Ba3 Re8 12. Bd6 Bf8 13. Bxf8 Kxf8 14. a3 e5 15. cxd5
cxd5 16. dxe5 Nxe5 17. Rfd1 Bb7 18. Nxe5 Rxe5 19. Bf3 Qe7 20. Qb2 Kg8 21. Ne2 h5
22. Rac1 g5 23. Nd4 g4 24. Be2 h4 25. Bd3 h3 26. Nf5 Qe6 27. Nh6+ Kg7 28. Nxf7
Kxf7 29. Rc7+ Kf8 30. Rxb7 hxg2 31. Rc1 g3 32. fxg3 Rxe3 33. Bg6 Re2 34. Qc3 Nd7
35. Rxd7 1-0

[Event "25th Czech Open A 2014"]
[Site "Pardubice CZE"]
[Date "2014.07.23"]
[Round "6.22"]
[White "Musat, Adrian"]
[Black "Sivuk, Vitaly"]
[Result "1/2-1/2"]
[WhiteTitle "FM"]
[BlackTitle "IM"]
[WhiteElo "2401"]
[BlackElo "2483"]
[WhiteFideId "1203452"]
[BlackFideId "14116502"]
[EventDate "2014.07.18"]

1. Nf3 Nf6 2. c4 b6 3. g3 Bb7 4. Bg2 g6 5. d4 Bg7 6. O-O O-O 7. Nc3 Ne4 8. Nxe4
Bxe4 9. Bg5 c5 10. Qd2 cxd4 11. Nxd4 Bxg2 12. Kxg2 Qc7 13. Rac1 Qe5 14. Nb5 Rc8
15. b3 Na6 16. Bf4 Qe6 17. Rfd1 d6 18. Nc3 Bxc3 19. Rxc3 Nc5 20. f3 a6 21. Be3
Rc6 22. Bf2 Rac8 23. Rdc1 Qd7 24. R3c2 Qb7 25. h4 h5 26. Bd4 Nd7 27. Bb2 e5 28.
e4 Nc5 29. b4 Na4 30. Ba1 b5 31. c5 Qc7 32. f4 dxc5 33. Bxe5 Qe7 34. bxc5 Rxc5
35. Rxc5 Rxc5 36. Rxc5 Nxc5 37. Qd5 Kh7 38. Kf3 Nd7 39. Bc3 Qe6 40. Qd4 f6 41.
a4 bxa4 42. Qxa4 Kg8 43. Qa5 Kf7 44. f5 gxf5 45. Qxf5 Ne5+ 46. Kf4 Qxf5+ 47.
exf5 Nc4 48. Ke4 Nb6 49. Ba5 Nd7 50. Kd5 Ne5 51. Bd8 Ng4 52. Bb6 Ke7 53. Bc5+
Kd7 54. Bb4 Nh6 55. Ke4 Kc6 56. Bd2 Ng4 57. Kd4 Ne5 58. Bc3 Kd6 59. Bb4+ Kd7 60.
Kd5 Nf7 61. Bc3 Nd6 62. Bxf6 Nxf5 63. Ke5 Nxg3 64. Kf4 Ke6 65. Bd8 Nf5 66. Kg5
Nxh4 1/2-1/2

[Event "25th Czech Open A 2014"]
[Site "Pardubice CZE"]
[Date "2014.07.23"]
[Round "6.23"]
[White "Potapov, Alexander1"]
[Black "Lalic, Bogdan"]
[Result "1/2-1/2"]
[WhiteTitle "GM"]
[BlackTitle "GM"]
[WhiteElo "2399"]
[BlackElo "2482"]
[WhiteFideId "4115074"]
[BlackFideId "409081"]
[EventDate "2014.07.18"]

1. d4 Nf6 2. c4 e6 3. Nc3 Bb4 4. g3 c5 5. Nf3 cxd4 6. Nxd4 Ne4 7. Qd3 Qa5 8. Nb3
Nxc3 9. Nxa5 Ne4+ 10. Bd2 Bxd2+ 11. Qxd2 Nxd2 12. Kxd2 Nc6 13. Nxc6 dxc6 14. Bg2
Ke7 1/2-1/2

[Event "25th Czech Open A 2014"]
[Site "Pardubice CZE"]
[Date "2014.07.23"]
[Round "6.24"]
[White "Saiyn, Zhanat"]
[Black "Simacek, Pavel"]
[Result "1/2-1/2"]
[WhiteTitle "FM"]
[BlackTitle "IM"]
[WhiteElo "2399"]
[BlackElo "2470"]
[WhiteFideId "13703820"]
[BlackFideId "307165"]
[EventDate "2014.07.18"]

1. d4 Nf6 2. c4 c5 3. d5 e6 4. Nc3 exd5 5. cxd5 d6 6. Nf3 g6 7. Bf4 a6 8. a4 Bg7
9. h3 O-O 10. e3 Ne8 11. Be2 Nd7 12. O-O Rb8 13. Re1 Qe7 14. Qb3 Nc7 15. Nd2 Ne5
16. a5 Bd7 17. Bg3 f5 18. f4 Nf7 19. Bd3 Qd8 20. Kh1 Ne8 21. e4 fxe4 22. Ndxe4
b5 23. axb6 Rxb6 24. Qc2 Bb5 25. Rab1 Nc7 26. Bf2 Rb8 27. Bxb5 Nxb5 28. Ne2 Re8
29. Qd3 Qe7 30. Ng1 Qb7 31. Nf3 Nc7 32. Nfg5 Nxg5 33. fxg5 Qxd5 34. Qxd5+ Nxd5
35. Rbd1 Rb4 36. Nxd6 Rxe1+ 37. Rxe1 Bd4 38. Bxd4 cxd4 39. Re5 Nc7 40. Re4 a5
41. b3 d3 42. Rxb4 axb4 43. Ne4 Ne6 44. Kg1 Nxg5 45. Nd2 Ne6 46. Kf2 Nf4 47. h4
Kf7 48. Kf3 Ne2 49. Ke4 Nc1 50. Kd5 g5 51. hxg5 Kg6 52. Kc4 Kxg5 53. Kxb4 Kf4
54. Nf1 d2 55. Nxd2 Kg3 56. Ne4+ Kxg2 57. Nf6 h5 1/2-1/2

[Event "25th Czech Open A 2014"]
[Site "Pardubice CZE"]
[Date "2014.07.23"]
[Round "6.25"]
[White "Satyapragyan, Swayangsu"]
[Black "Akesson, Ralf"]
[Result "1/2-1/2"]
[WhiteTitle "IM"]
[BlackTitle "GM"]
[WhiteElo "2393"]
[BlackElo "2462"]
[WhiteFideId "5004306"]
[BlackFideId "1700120"]
[EventDate "2014.07.18"]

1. d4 d5 2. Bg5 c6 3. Nf3 Bf5 4. e3 Nf6 5. Bxf6 exf6 6. Be2 Bd6 7. O-O O-O 8. c4
dxc4 9. Bxc4 Nd7 10. Nc3 Qe7 11. Nh4 Be6 12. Bxe6 Qxe6 13. e4 Rfe8 14. d5 cxd5
15. exd5 Qe5 16. f4 Qe3+ 17. Kh1 Qb6 18. Nf5 g6 19. Nxd6 Qxd6 20. Qa4 1/2-1/2

[Event "25th Czech Open A 2014"]
[Site "Pardubice CZE"]
[Date "2014.07.23"]
[Round "6.26"]
[White "Garcia Roman, Daniel"]
[Black "Vishnu Prasanna, V"]
[Result "1/2-1/2"]
[WhiteTitle "IM"]
[BlackTitle "GM"]
[WhiteElo "2379"]
[BlackElo "2459"]
[WhiteFideId "2215870"]
[BlackFideId "5030692"]
[EventDate "2014.07.18"]

1. d4 Nf6 2. c4 e6 3. Nc3 Bb4 4. Nf3 d5 5. Bg5 h6 6. Bxf6 Qxf6 7. cxd5 exd5 8.
Rc1 O-O 9. a3 Bxc3+ 10. Rxc3 c6 11. e3 Bg4 12. Be2 Nd7 13. Ne5 1/2-1/2

[Event "25th Czech Open A 2014"]
[Site "Pardubice CZE"]
[Date "2014.07.23"]
[Round "6.27"]
[White "Kerigan, Demre"]
[Black "Yilmazyerli, Mert"]
[Result "0-1"]
[WhiteTitle "FM"]
[BlackTitle "FM"]
[WhiteElo "2318"]
[BlackElo "2452"]
[WhiteFideId "6307841"]
[BlackFideId "6305962"]
[EventDate "2014.07.18"]

1. e4 g6 2. d4 Bg7 3. Nc3 d6 4. Be3 a6 5. Qd2 b5 6. h4 h6 7. f3 Nd7 8. O-O-O Bb7
9. Kb1 Nb6 10. Qe1 Qc8 11. Nh3 c5 12. Nf4 cxd4 13. Bxd4 Bxd4 14. Rxd4 e5 15.
Rxd6 Qc5 16. Rxb6 Qxb6 17. Nfd5 Qd6 18. Bxb5+ axb5 19. Nxb5 Qc5 20. b4 Qc6 21.
Nbc7+ Kf8 22. Nxa8 Bxa8 23. Qc3 Qxc3 24. Nxc3 Nf6 25. Kb2 Ke7 26. Kb3 Nh5 27.
Rd1 Nf4 28. g3 Ne6 29. Nd5+ Bxd5+ 30. Rxd5 Nd4+ 31. Kc4 Nxf3 32. a4 f5 33. Kd3
Ke6 34. c4 f4 35. c5 fxg3 36. Rd6+ Ke7 37. Rxg6 g2 38. Rxg2 Ne1+ 39. Kc4 Nxg2
40. b5 Ra8 41. b6 Rxa4+ 42. Kb5 Ra1 43. Kc6 Nf4 0-1

[Event "25th Czech Open A 2014"]
[Site "Pardubice CZE"]
[Date "2014.07.23"]
[Round "6.28"]
[White "Megaranto, Susanto"]
[Black "Sabuk, Piotr"]
[Result "1-0"]
[WhiteTitle "GM"]
[WhiteElo "2532"]
[BlackElo "2336"]
[WhiteFideId "7101384"]
[BlackFideId "1137565"]
[EventDate "2014.07.18"]

1. e4 e5 2. Nf3 Nc6 3. Bb5 a6 4. Ba4 Nf6 5. O-O Be7 6. Re1 b5 7. Bb3 d6 8. c3
O-O 9. h3 Bb7 10. d4 Re8 11. Nbd2 Bf8 12. d5 Nb8 13. Nf1 Nbd7 14. N3h2 Nc5 15.
Bc2 c6 16. b4 Ncd7 17. dxc6 Bxc6 18. Bg5 h6 19. Bxf6 Nxf6 20. Ng4 Nxg4 21. Qxg4
Bd7 22. Qf3 Rc8 23. a4 Be6 24. axb5 axb5 25. Ra3 d5 26. exd5 Bxd5 27. Be4 Bxe4
28. Qxe4 g6 29. Ne3 Bg7 30. Rd1 Qc7 31. g4 Qe7 32. Rd5 Qh4 33. Rd7 Rcd8 34. Rxd8
Rxd8 35. Ra8 Rxa8 36. Qxa8+ Kh7 37. Qb7 Qxh3 38. Qxf7 h5 39. gxh5 Qxh5 40. c4
bxc4 41. Qxc4 Qf3 42. Qh4+ Kg8 43. b5 Bf6 44. Qc4+ Kg7 45. Qc7+ Kg8 46. b6 1-0

[Event "25th Czech Open A 2014"]
[Site "Pardubice CZE"]
[Date "2014.07.23"]
[Round "6.29"]
[White "Sylvan, Jacob"]
[Black "Stefansson, Hannes"]
[Result "0-1"]
[WhiteTitle "FM"]
[BlackTitle "GM"]
[WhiteElo "2356"]
[BlackElo "2536"]
[WhiteFideId "1402137"]
[BlackFideId "2300087"]
[EventDate "2014.07.18"]

1. e4 c5 2. Nf3 e6 3. d4 cxd4 4. Nxd4 a6 5. Nc3 b5 6. Bd3 Qb6 7. Nb3 Qc7 8. O-O
Bb7 9. a4 b4 10. Na2 d5 11. exd5 Bxd5 12. c3 bxc3 13. Nxc3 Bb7 14. Bg5 Be7 15.
Bxe7 Nxe7 16. Rc1 Nbc6 17. Nc5 O-O 18. Nxb7 Qxb7 19. Qh5 h6 20. Ne4 Qxb2 21. Nc5
Nb4 22. Be4 Nbd5 23. Qf3 a5 24. Nd7 Rfd8 25. Rb1 Qd4 26. Nb6 Rab8 27. Rfd1 Qe5
28. g3 Nf6 29. Rxd8+ Rxd8 30. Bc2 Qc5 31. Qe2 Nc6 32. Bd1 Nb4 33. Nc4 h5 34. Ne5
Nbd5 35. Qc2 Nc3 36. Nf3 Qf5 0-1

[Event "25th Czech Open A 2014"]
[Site "Pardubice CZE"]
[Date "2014.07.23"]
[Round "6.30"]
[White "Nun, Jiri"]
[Black "Dourerassou, Jonathan"]
[Result "1-0"]
[WhiteTitle "IM"]
[BlackTitle "IM"]
[WhiteElo "2351"]
[BlackElo "2515"]
[WhiteFideId "300179"]
[BlackFideId "628050"]
[EventDate "2014.07.18"]

1. e4 c5 2. Nf3 Nc6 3. Bb5 e6 4. O-O Nge7 5. b3 a6 6. Bxc6 Nxc6 7. Bb2 b5 8. d3
Bb7 9. Nbd2 f6 10. Nh4 Qe7 11. a4 b4 12. f4 Qf7 13. e5 O-O-O 14. Nhf3 f5 15. Nc4
h6 16. Qe2 Kb8 17. Qf2 Rc8 18. Nd6 Bxd6 19. exd6 Rhg8 20. Qxc5 g5 21. fxg5 hxg5
22. Qb6 e5 23. Nd2 g4 24. Ne4 Nd8 25. Nc5 Rc6 26. Qxb4 g3 27. h3 Qd5 28. Nxb7
Nxb7 29. Qd2 Nxd6 30. c4 Qc5+ 31. d4 Ne4 32. dxc5 Nxd2 33. Rxf5 Nxb3 34. Bxe5+
Ka8 35. Ra3 Nxc5 36. Rxg3 Re8 37. Rg7 Nxa4 38. Rxd7 Rc5 39. Rd5 Rxc4 40. Bd4 Kb7
41. Bf2 Nc3 42. Rd7+ Kc6 43. Ra7 Ne2+ 44. Kh2 Ra4 45. Rf6+ Kd5 46. Raxa6 Rc4 47.
Ra5+ Ke4 48. Rf3 Rc3 49. Ra2 1-0

[Event "25th Czech Open A 2014"]
[Site "Pardubice CZE"]
[Date "2014.07.23"]
[Round "6.31"]
[White "Teske, Henrik"]
[Black "Schwarz, Dusan"]
[Result "1-0"]
[WhiteTitle "GM"]
[WhiteElo "2512"]
[BlackElo "2352"]
[WhiteFideId "4611500"]
[BlackFideId "14903890"]
[EventDate "2014.07.18"]

1. g3 e5 2. e4 d5 3. exd5 Qxd5 4. Nf3 Bg4 5. Be2 Nc6 6. Nc3 Qd7 7. d3 Nf6 8. Bg5
Be7 9. Qd2 h6 10. Bxf6 Bxf6 11. h4 O-O-O 12. O-O-O Rhe8 13. Kb1 Be7 14. Qe3 Bb4
15. Nd2 Bxc3 16. Bxg4 Qxg4 17. bxc3 Qa4 18. Qe4 Qxe4 19. Nxe4 f5 20. Nc5 Rd5 21.
Nb3 Red8 22. Rde1 b6 23. Rhg1 Rf8 24. f4 exf4 25. gxf4 Rf7 26. Rg3 Rdd7 27. Reg1
Rde7 28. d4 Re4 29. Rxg7 Rxg7 30. Rxg7 Rxf4 31. Rg6 Ne7 32. Rxh6 Nd5 33. c4 Ne3
34. c5 Rf1+ 35. Kb2 Rf2 36. Kc3 f4 37. Kd3 Rxc2 38. Ke4 Rxa2 39. Kxf4 Rb2 40. c6
Kd8 41. Nc1 Nc4 42. d5 Nd6 43. Rh8+ Ke7 44. Rh7+ Kf6 45. Rxc7 Rb4+ 46. Kf3 Rxh4
47. Nd3 Rd4 48. Nf4 Nb5 49. Rc8 Rc4 50. Ke3 Rc3+ 51. Nd3 Ke7 52. Rh8 Rc4 53.
Rh7+ Kd8 54. Nf4 Nd4 55. Kd3 b5 56. c7+ Kc8 57. d6 Kb7 58. Rh8 1-0

[Event "25th Czech Open A 2014"]
[Site "Pardubice CZE"]
[Date "2014.07.23"]
[Round "6.32"]
[White "Dauth, Benjamin"]
[Black "Bluebaum, Matthias"]
[Result "0-1"]
[WhiteTitle "FM"]
[BlackTitle "IM"]
[WhiteElo "2349"]
[BlackElo "2510"]
[WhiteFideId "4688104"]
[BlackFideId "24651516"]
[EventDate "2014.07.18"]

1. e4 e6 2. d4 d5 3. exd5 exd5 4. Bd3 Nc6 5. c3 Bd6 6. Qf3 Be6 7. Ne2 Qd7 8. Bf4
Be7 9. Nd2 g5 10. Bg3 O-O-O 11. Qe3 Nh6 12. Nf3 f6 13. h4 Nf5 14. Bxf5 Bxf5 15.
hxg5 fxg5 16. Nxg5 Rde8 17. Nf3 Nb4 18. O-O Nc2 19. Qd2 Nxa1 20. Rxa1 h5 21. Ne5
Qe6 22. Nf4 Qg8 23. c4 h4 24. Bh2 Bg5 25. Qa5 Bxf4 26. Bxf4 Be4 27. f3 h3 28. g4
Bxf3 29. Kh2 Qh7 30. Nxf3 Rhf8 31. Re1 Rxe1 32. Qxe1 Qf7 33. Qe5 Qxf4+ 34. Qxf4
Rxf4 35. Kg3 Rf8 36. cxd5 Rh8 37. Kh2 Kd7 38. Ne5+ Ke8 39. g5 Rh5 40. g6 Kf8 41.
b4 Kg7 42. b5 Rh4 43. Nf3 Rh5 44. Ne5 Kf6 45. a4 b6 46. Nc6 Kxg6 47. Nxa7 Rxd5
48. Nc6 Rh5 49. d5 Kf6 50. d6 cxd6 51. a5 bxa5 52. b6 Rb5 53. Kxh3 a4 0-1

[Event "25th Czech Open A 2014"]
[Site "Pardubice CZE"]
[Date "2014.07.23"]
[Round "6.33"]
[White "Vetoshko, Volodymyr"]
[Black "Boruchovsky, Avital"]
[Result "1-0"]
[WhiteTitle "FM"]
[BlackTitle "GM"]
[WhiteElo "2338"]
[BlackElo "2503"]
[WhiteFideId "14122480"]
[BlackFideId "2800055"]
[EventDate "2014.07.18"]

1. d4 Nf6 2. c4 e6 3. g3 c5 4. d5 exd5 5. cxd5 d6 6. Nc3 g6 7. Bg2 Bg7 8. Nf3
O-O 9. O-O Re8 10. Bf4 Ne4 11. Rc1 a6 12. Nxe4 Rxe4 13. Nd2 Rxf4 14. gxf4 Bxb2
15. Rb1 Bg7 16. a4 Nd7 17. Nc4 Bf8 18. a5 Qh4 19. e3 Rb8 20. Qf3 Qh6 21. e4 Nf6
22. Rb6 Bg4 23. Qe3 Nh5 24. Nxd6 Nxf4 25. e5 Be2 26. Nxf7 Kxf7 27. Rf6+ Kg8 28.
Qxf4 Bxf1 29. Bxf1 Qh5 30. d6 Bh6 31. Qg3 Bg7 32. Re6 Qf5 33. Re7 Rd8 34. Bh3
Qb1+ 35. Kg2 Rf8 36. d7 Qe4+ 37. f3 Qe3 38. Re8 Qd2+ 39. Qf2 Qg5+ 40. Bg4 Bxe5
41. d8=Q Qxd8 42. Rxd8 Rxd8 43. Qxc5 Bg7 44. Qb4 h5 45. Be6+ Kh8 46. Qxb7 1-0

[Event "25th Czech Open A 2014"]
[Site "Pardubice CZE"]
[Date "2014.07.23"]
[Round "6.34"]
[White "Jovanic, Ognjen"]
[Black "Gorbatov, Alexej"]
[Result "1/2-1/2"]
[WhiteTitle "GM"]
[BlackTitle "IM"]
[WhiteElo "2482"]
[BlackElo "2358"]
[WhiteFideId "14504081"]
[BlackFideId "4111834"]
[EventDate "2014.07.18"]

1. d4 Nf6 2. c4 e6 3. Nf3 b6 4. a3 Bb7 5. Nc3 Ne4 6. Nxe4 Bxe4 7. e3 Be7 8. Bd3
Bxd3 9. Qxd3 O-O 10. e4 d5 11. exd5 exd5 12. O-O dxc4 13. Qxc4 Bd6 14. Bg5 Qd7
15. Rac1 Qf5 16. Rfe1 b5 17. Qc3 f6 18. Qb3+ Kh8 19. Bd2 a5 20. d5 b4 21. axb4
a4 22. Qc4 Nd7 23. Qe4 Qh5 24. Bf4 Rfe8 25. Qd4 Ne5 26. Bxe5 fxe5 27. Qe4 h6 28.
g3 Rab8 29. Rc4 Qf7 30. Kg2 Kg8 31. Ra1 Rb5 32. Rxa4 Qxd5 33. Qxd5+ Rxd5 34. Ra5
Rd3 35. Rc3 Rd1 36. Re3 e4 37. Ng1 Bxb4 38. Rb5 c5 39. h4 Rd2 40. Re2 Rxe2 41.
Nxe2 Rd8 1/2-1/2

[Event "25th Czech Open A 2014"]
[Site "Pardubice CZE"]
[Date "2014.07.23"]
[Round "6.35"]
[White "Potapov, Pavel"]
[Black "Camarena Gimenez, Rufino"]
[Result "1/2-1/2"]
[WhiteTitle "IM"]
[BlackTitle "IM"]
[WhiteElo "2482"]
[BlackElo "2343"]
[WhiteFideId "4169786"]
[BlackFideId "2211106"]
[EventDate "2014.07.18"]

1. e4 e6 2. d4 d5 3. e5 c5 4. c3 Nc6 5. Nf3 Qb6 6. a3 Bd7 7. b4 cxd4 8. cxd4 Rc8
9. Be3 Nh6 10. Bd3 Ng4 11. O-O Nxe3 12. fxe3 g6 13. Nbd2 Bh6 14. Qe2 Ne7 15. g4
Ba4 16. Rac1 O-O 17. g5 Bg7 18. Nb1 Rxc1 19. Rxc1 Rc8 20. Rxc8+ Nxc8 21. Nc3 Bd7
22. h4 Ne7 23. Kg2 Qc7 24. Qc2 Nf5 25. Bxf5 gxf5 26. Qb3 Bf8 27. Nd2 a5 28. b5
a4 29. Qb2 Qa5 30. Kg3 Be7 31. Kf4 Qa8 32. Nf3 Qf8 33. Nxa4 Bxa3 34. Qb3 Qb4 35.
Qxb4 Bxb4 36. Nc5 Bc8 37. Ng1 Be1 38. h5 b6 39. Na6 Bd7 40. Nc7 Bb4 41. Na8 Ba5
42. Nc7 Bb4 43. Na8 Ba5 44. Nc7 1/2-1/2

[Event "25th Czech Open A 2014"]
[Site "Pardubice CZE"]
[Date "2014.07.23"]
[Round "6.37"]
[White "Alekseenko, Kirill"]
[Black "Golubov, Saveliy"]
[Result "1-0"]
[WhiteTitle "FM"]
[WhiteElo "2468"]
[BlackElo "2339"]
[WhiteFideId "4135539"]
[BlackFideId "24176729"]
[EventDate "2014.07.18"]

1. e4 e6 2. d4 d5 3. Nd2 c5 4. Ngf3 Nf6 5. exd5 exd5 6. Bb5+ Bd7 7. Qe2+ Be7 8.
dxc5 O-O 9. O-O Bxc5 10. Nb3 Bb6 11. Bxd7 Qxd7 12. Bg5 Ne4 13. Be3 Bxe3 14. Qxe3
Nc6 15. c3 Rfe8 16. Rfe1 Nf6 17. Qd3 h6 18. Nbd2 Rxe1+ 19. Rxe1 Re8 20. Rd1 Qe7
21. Nf1 Qe2 22. Rd2 Qxd3 23. Rxd3 Re2 24. N1d2 Kf8 25. Kf1 Re7 26. Nb3 Ke8 27.
Nbd4 g6 28. Nc2 Rd7 29. Ne3 Ke7 30. Rd1 Ke6 31. Ke2 Rd8 32. Nd4+ Ke7 33. f3 Ne5
34. Ndc2 Nc6 35. Kf2 Ke6 36. g4 Ne8 37. Ng2 Nc7 38. Nf4+ Ke5 39. Nd3+ Kf6 40.
Nf4 Ke5 41. Ne2 Ne6 42. Ke3 Kf6 43. f4 Re8 44. Kf3 Rd8 45. h4 Ke7 46. h5 gxh5
47. gxh5 Kf6 48. Ne3 d4 49. Ng4+ Kg7 50. Ng3 Rd5 51. Ne3 Rd8 52. Nef5+ Kf6 53.
Nxh6 dxc3 54. Ng4+ Kg7 55. Nf5+ Kh7 56. Nf6+ Kh8 57. Rxd8+ Ncxd8 58. bxc3 b5 59.
h6 a5 60. a3 b4 61. cxb4 axb4 62. axb4 Nd4+ 63. Nxd4 Nc6 64. Ne2 Nd4+ 65. Ke3
Nc2+ 66. Kd2 Nxb4 67. h7 1-0

[Event "25th Czech Open A 2014"]
[Site "Pardubice CZE"]
[Date "2014.07.23"]
[Round "6.38"]
[White "Bryzgalin, Kirill"]
[Black "Kozlitin, Oleg"]
[Result "1/2-1/2"]
[WhiteTitle "GM"]
[BlackTitle "IM"]
[WhiteElo "2460"]
[BlackElo "2331"]
[WhiteFideId "4133285"]
[BlackFideId "4143590"]
[EventDate "2014.07.18"]

1. d4 Nf6 2. Nf3 g6 3. Bg5 Ne4 4. Bf4 d6 5. Nbd2 Nxd2 6. Qxd2 Bf5 7. O-O-O Nd7
8. Nh4 e5 9. Bg5 f6 10. Bh6 Be6 11. d5 Bf7 12. Bxf8 Kxf8 13. Qh6+ Kg8 14. e4 Qf8
15. Qd2 1/2-1/2

[Event "25th Czech Open A 2014"]
[Site "Pardubice CZE"]
[Date "2014.07.23"]
[Round "6.39"]
[White "Malakhov, Igor"]
[Black "Rozhkov, Viacheslav"]
[Result "1/2-1/2"]
[WhiteTitle "IM"]
[BlackTitle "FM"]
[WhiteElo "2454"]
[BlackElo "2327"]
[WhiteFideId "4183088"]
[BlackFideId "4181484"]
[EventDate "2014.07.18"]

1. e4 c5 2. Nf3 d6 3. d4 cxd4 4. Nxd4 Nf6 5. Nc3 Nc6 6. Bc4 Bd7 7. Bb3 Rc8 8. f3
g6 9. Be3 a6 10. Qd2 Bg7 11. O-O-O h5 12. Kb1 Ne5 13. Bg5 Nc4 14. Qe2 Nxb2 15.
Kxb2 Rxc3 16. Kxc3 Qa5+ 17. Kb2 Qxg5 18. c3 O-O 19. Rhe1 Qe5 20. g3 Rc8 21. Qd2
Qc5 22. f4 Bg4 23. Rc1 e5 24. f5 gxf5 25. Nxf5 Bxf5 26. exf5 e4 27. Qd4 b5 28.
Rcd1 a5 29. Qxc5 Rxc5 30. Rxd6 Ne8 31. Rd8 Bxc3+ 32. Kb1 Bxe1 33. Rxe8+ Kg7 34.
Rxe4 Bc3 35. g4 hxg4 36. Rxg4+ Kf6 37. Bc2 Re5 38. Be4 b4 39. Kc2 Rc5 40. Bd3
Rc8 41. Rc4 Rg8 42. Rc6+ Ke5 43. Kb3 Rg2 1/2-1/2